logo

Bir Sreshtho Munshi Abdur Rouf Library
Jhenaidah Cadet College

English literature in the early eighteenth century, 1700-1740 / (Record no. 9137)

MARC details
000 -LEADER
fixed length control field 00845cam a2200265 a 4500
001 - CONTROL NUMBER
JCCL Control Number 9137
003 - CONTROL NUMBER IDENTIFIER
JCCL marc code BD-JhCC
005 - DATE AND TIME OF LATEST TRANSACTION
control field 20180308201739.0
008 - FIXED-LENGTH DATA ELEMENTS--GENERAL INFORMATION
fixed length control field 870611s1959 enk b 001 0 eng d
035 ## - SYSTEM CONTROL NUMBER
system control number 34265
-- (BD-JhCC)9137
040 ## - CATALOGING SOURCE
Original cataloging agency NU
Transcribing agency NU
Modifying agency NU
-- BD-JhCC
041 ## - LANGUAGE CODE
Language code of Book eng
082 04 - DEWEY DECIMAL CLASSIFICATION NUMBER
Classification number 820/.9
DDC Edition number 20
Author mark and Year DOB 1959
100 1# - MAIN ENTRY--PERSONAL NAME
Personal name Dobree, Bonamy,
Dates associated with a name 1891-
245 10 - TITLE STATEMENT
Title English literature in the early eighteenth century, 1700-1740 /
Statement of responsibility, etc by Bonamy Dobree.
260 ## - PUBLICATION, DISTRIBUTION, ETC. (IMPRINT)
Place of publication, distribution, etc Oxford :
Name of publisher, distributor, etc Clarendon Press,
Date of publication, distribution, etc 1959.
300 ## - PHYSICAL DESCRIPTION
Pagination xii, 701 p.;
Dimensions 23 cm.
490 1# - SERIES STATEMENT
Series statement Oxford history of English literature ;
Volume number/sequential designation 7
500 ## - GENERAL NOTE
General note Includes index.
504 ## - BIBLIOGRAPHY, ETC. NOTE
Bibliography, etc Bibliography: p. [586]-696.
650 #0 - SUBJECT ADDED ENTRY--TOPICAL TERM
Topical term or geographic name as entry element English literature
Chronological subdivision 18th century
General subdivision History and criticism.
830 #0 - SERIES ADDED ENTRY--UNIFORM TITLE
Uniform title Oxford history of English literature ;
Volume number/sequential designation 7.
942 ## - ADDED ENTRY ELEMENTS (KOHA)
Source of classification or shelving scheme Dewey Decimal Classification
Koha item type Books
Holdings
Source of classification or shelving scheme Damaged status Not for loan Home library Current library Shelving location Total Checkouts Full call number Barcode Date last seen Copy number Koha item type
Dewey Decimal Classification     JCC Rouf Library JCC Rouf Library General Stacks   820/.9 DOB 1959 12110 03/08/2018 C - 1 Books

JCC Library | Contacts | JCC Home

Last Update on 23 September 2017
Copyright @ 2017-2020 JCC Rouf Library
Rouf Library, Jhenidah Cadet College (JCC), Bangladesh